1052 1448 1775 1076 1758 1709 1394 1917 1134 1082 1694 1944 1479 1492 1151 1173 1934 1976 1821 1468 1969 1739 1199 1719 1296 1226 1314 1308 1914 1660 1077 1269 1456 1720 1296 1855 1364 1627 1249 1898 1146 1535 1292 1254 1644 1270 1748 1733 1784 1479 1640 1344 1927 1567 1316 1721 1588 1924 1100 1086 1091 1466 1897 1042 1651 1760 1855 1295 1073 1958 1327 1853 1935 1796 1954 1779 1238 1884 1443 1815 1447 1386 1678 1083 1543 1141 1719 1785 1769 1688 1462 1767 1712 1836 1576 1250 1224 1325 1316 BCNSPRNW ULIB Ver.6.0+V

เปลี่ยนเป็นภาษาไทย

Change to English
 แสดงรายละเอียดบรรณานุกรม
  กลับหน้าหลัก

Brief Record : Get Marc (ISO 2709) : E-mail record : QR code < ปิดหน้าต่าง
LEADER : 00000nas 2200000uu 4500
001    13399125133
003     ULIB
008    161005s||||||||th 000 0 tha d
022 0  0855797
245 00 วารสารสุขภาพภาคประชาชนภาคอีสาน
246 0  ืnorth - eastern primary health care journal
310    ^aราย 6 เดือน
850 ^a ULIB^bปีที่ 30 ฉบับที่ 2 ฉ.1 ;ปีที่ 31 ฉบับที่ 1 ฉ.1 ;ปีที่ 31 ฉบับที่ 2 ฉ.1
856    http://www.thaiphc.net/journal/
945    ^p0^l0^i904113
945    ^p0^l0^i904723
945    ^p0^l0^i904724
999    ^aวรรณษา ชูชัยมงคล
รายการนี้ยังไม่มีแท็ก
คุณยังไม่ได้ล็อกอิน คุณสามารถมีกิจกรรมร่วมกับเว็บไซต์ได้ แต่ต้องล็อกอินก่อน ::
  ล็อกอิน

รายการสื่อสารสนเทศ (วารสาร)

ดูแบบ: กล่อง รายการ
ARRIVED
ปีที่ 30 ฉบับที่ 2 ฉ.1
สถานที่: ห้องสมุดวิทยาเขตสวรรค์ประชารักษ์ >หนังสือพิมพ์
ARRIVED
ปีที่ 31 ฉบับที่ 1 ฉ.1
สถานที่: ห้องสมุดวิทยาเขตสวรรค์ประชารักษ์ >วารสาร
ARRIVED
ปีที่ 31 ฉบับที่ 2 ฉ.1
สถานที่: ห้องสมุดวิทยาเขตสวรรค์ประชารักษ์ >วารสาร

BibComment


ยังไม่เคยถูกคอมเมนท์

คอมเมนท์ทรัพยากรรายการนี้
  คอมเมนท์: วารสารสุขภาพภาคปร..


 Copyright 2026. Bcnsprnw @Library